Gumárenská technologie. III. díl, Výroba pneumatických obručí /
Kniha podává podrobný výklad o technologii výroby pneumatických obručí. Seznamuje nejprve s různými typy pryžových obručí, pojednává o výrobních materiálech a jejich vlastnostech, o laboratorních zkouškách o přípravě materiálu a výrobních postupech, o výrobním zařízení, o konstrukci a výrobě různých...
Saved in:
| Main Author | |
|---|---|
| Format | Book |
| Language | Czech |
| Published |
Praha :
SNTL,
1956
|
| Edition | Vyd. 1. |
| Series | Řada chemické literatury
|
| Subjects | |
| Physical Description | 410 s., [2] s. : il. ; 21 cm |
Cover
| LEADER | 00000cam a2200000 a 4500 | ||
|---|---|---|---|
| 001 | 23089 | ||
| 003 | CZ-ZlUTB | ||
| 005 | 20190825234431.0 | ||
| 008 | 051129s1956 xr a r 001 0 cze d | ||
| 040 | |a ABA001 |b cze |c ABA001 |d ZLD002 | ||
| 072 | 7 | |a 678 |x Průmysl makromolekulárních látek. Gumárenský průmysl. Průmysl plastů |2 Konspekt |9 19 | |
| 080 | |a 678 |2 MRF | ||
| 080 | |a 629.3.027.5 |2 MRF | ||
| 080 | |a (035) |2 MRF | ||
| 100 | 1 | |a Štěpán, Miroslav, |d 1931-1994 |7 jn20000402908 |4 aut | |
| 245 | 1 | 0 | |a Gumárenská technologie. |n III. díl, |p Výroba pneumatických obručí / |c napsal Miroslav Štěpán |
| 246 | 3 | 0 | |a Výroba pneumatických obručí |
| 250 | |a Vyd. 1. | ||
| 260 | |a Praha : |b SNTL, |c 1956 | ||
| 300 | |a 410 s., [2] s. : |b il. ; |c 21 cm | ||
| 490 | 1 | |a Řada chemické literatury | |
| 504 | |a Obsahuje bibliografii a rejstřík | ||
| 520 | |a Kniha podává podrobný výklad o technologii výroby pneumatických obručí. Seznamuje nejprve s různými typy pryžových obručí, pojednává o výrobních materiálech a jejich vlastnostech, o laboratorních zkouškách o přípravě materiálu a výrobních postupech, o výrobním zařízení, o konstrukci a výrobě různých druhů pneumatik a duší, o jejich opravách, o kontrole atd | ||
| 650 | 0 | 7 | |a gumárenský průmysl |7 ph120624 |2 czenas |
| 650 | 0 | 7 | |a pneumatiky |7 ph124143 |2 czenas |
| 650 | 0 | 9 | |a rubber industry |2 eczenas |
| 650 | 0 | 9 | |a resins |2 eczenas |
| 655 | 7 | |a příručky |7 fd133209 |2 czenas | |
| 655 | 9 | |a handbooks, manuals, etc |2 eczenas | |
| 830 | 0 | |a Řada chemické literatury |0 s | |
| 910 | |a ZLD002 | ||
| 952 | |0 0 |1 0 |4 0 |6 678ŠTĚPÁNM |7 0 |8 BOOK |9 42213 |a UTBZL |b UTBZL |c 006 |d 2006-07-29 |l 10 |o 678/ŠTĚPÁN,M. |p 420010091223 |r 2019-08-25 00:00:00 |v 25.90 |w 2019-08-25 |x N:převod - Svit | 20100831 |y 04 | ||
| 952 | |0 0 |1 0 |4 0 |6 678ŠTĚPANM |7 0 |8 BOOK |9 42214 |a UTBZL |b UTBZL |c 030 |d 2006-07-29 |l 0 |o 678/ŠTĚPAN,M. |p 420010091222 |r 2019-08-25 00:00:00 |v 25.90 |w 2019-08-25 |x N:převod - TOMA | 20100831 |y 05 | ||
| 952 | |0 0 |1 0 |4 0 |6 678ŠTĚPÁNM |7 0 |8 BOOK |9 42215 |a UTBZL |b UTBZL |c 030 |d 2010-08-17 |l 3 |o 678/ŠTĚPÁN,M. |p 420010133403 |r 2019-08-25 00:00:00 |v 26.00 |w 2019-08-25 |x N:převod SPUR |y 05 | ||
| 990 | |a SPUR | ||
| 992 | |a BK |b SK |c SPUR |d 13 | ||
| 999 | |c 23089 |d 23089 | ||